[Event "4NCL Online Division 7"]
[Site "online"]
[Date "2021.03.23"]
[EventDate "2021.03.23"]
[Round "5.61"]
[White "Jones, Tim"]
[WhiteElo "1698"]
[WhiteTeam "Wessex Some Stars F"]
[Black "Kelmendi, Bajrush"]
[BlackElo "1951"]
[BlackTeam "Celtic Tigers Cubs"]
[Result "0-1"]
[PlyCount "88"]

1. e4 g6 2. d4 Bg7 3. Nc3 b6 4. Nf3 Bb7 5. h4 h6 6. Bf4 e6 7. Be2 d6 8. Qd2 a6 9. O-O-O Nd7 10. e5 d5 11. g3 c5 12. Rhe1 b5 13. dxc5 Nxc5 14. Nd4 Qb6 15. Bf1 b4 16. Nce2 Ne4 17. Qe3 g5 18. Kb1 gxf4 19. Qxf4 Ne7 20. f3 Nc5 21. Qe3 O-O-O 22. f4 Kb8 23. Nc1 Rc8 24. Ncb3 Ka7 25. Rc1 Nxb3 26. Nxb3 Qxe3 27. Rxe3 Bf8 28. Nd4 Rg8 29. c3 Nc6 30. Be2 Bc5 31. Rd3 bxc3 32. bxc3 Na5 33. g4 Nc4 34. g5 hxg5 35. hxg5 Rh8 36. Rdd1 Rb8 37. Bxc4 dxc4 38. Ka1 Be4 39. Nc2 Rb7 40. Nd4 Rh2 41. g6 fxg6 42. Nxe6 Ba3 43. Rb1 Bxb1 44. Rxb1 Bb2+ 0-1

[Event "4NCL Online Division 7"]
[Site "online"]
[Date "2021.03.23"]
[EventDate "2021.03.23"]
[Round "5.62"]
[White "White, John"]
[WhiteElo "1779"]
[WhiteTeam "Celtic Tigers Cubs"]
[Black "Smith, Steven J"]
[BlackElo "1658"]
[BlackTeam "Wessex Some Stars F"]
[Result "1-0"]
[PlyCount "65"]

1. e4 e6 2. d4 d5 3. e5 c5 4. c3 Nc6 5. Nf3 Bd7 6. Be2 Qb6 7. a3 Nh6 8. b4 cxd4 9. cxd4 Nf5 10. Bb2 Be7 11. O-O O-O 12. Re1 f6 13. Bd3 Nd8 14. Nbd2 Bb5 15. Nb3 Bxd3 16. Qxd3 Nf7 17. Nc5 Bxc5 18. dxc5 Qc6 19. exf6 g6 20. Re2 Rfe8 21. Rae1 Rad8 22. h3 a5 23. g4 N5h6 24. Nd4 Qc8 25. Nxe6 Rd7 26. Nf4 Rxe2 27. Rxe2 g5 28. Ng6 Qd8 29. Re7 axb4 30. axb4 d4 31. Qe4 Rxe7 32. fxe7 Qe8 33. Qxd4 1-0

[Event "4NCL Online Division 7"]
[Site "online"]
[Date "2021.03.23"]
[EventDate "2021.03.23"]
[Round "5.63"]
[White "Sandy, Paul"]
[WhiteElo "1615"]
[WhiteTeam "Wessex Some Stars F"]
[Black "Kwabiah, C Kenneth"]
[BlackElo "1518"]
[BlackTeam "Celtic Tigers Cubs"]
[Result "0-1"]
[PlyCount "70"]

1. b3 e5 2. Bb2 Nc6 3. e3 g6 4. Bc4 Nf6 5. a3 Bg7 6. b4 d5 7. Bb3 a6 8. Ne2 O-O 9. h3 d4 10. O-O dxe3 11. dxe3 Qe7 12. Ng3 Rd8 13. Qe2 Be6 14. Bxe6 Qxe6 15. Nd2 Rd7 16. Nde4 b6 17. Rad1 Nd5 18. Rd3 f5 19. Rfd1 fxe4 20. Nxe4 Rad8 21. c4 Nf6 22. Rxd7 Rxd7 23. Rxd7 Qxd7 24. Qf3 Nxe4 25. Qxe4 b5 26. cxb5 axb5 27. Qc2 Qd6 28. e4 Nd4 29. Qb1 c5 30. bxc5 Qxc5 31. Kh2 Bh6 32. Bxd4 exd4 33. Qb3+ Qc4 34. Qf3 d3 35. e5 Qf4+ 0-1

[Event "4NCL Online Division 7"]
[Site "online"]
[Date "2021.03.23"]
[EventDate "2021.03.23"]
[Round "5.64"]
[White "Osseiran, Nadim"]
[WhiteElo "1113"]
[WhiteTeam "Celtic Tigers Cubs"]
[Black "Doyle, Jamie"]
[BlackElo "1602"]
[BlackTeam "Wessex Some Stars F"]
[Result "0-1"]
[PlyCount "54"]

1. e4 e5 2. Nf3 Nc6 3. Bb5 d6 4. Bxc6+ bxc6 5. O-O Nf6 6. d3 h6 7. Nbd2 Be7 8. Re1 Bd7 9. b3 Qc8 10. h3 O-O 11. Nf1 c5 12. Ng3 Nh7 13. Nd2 Bh4 14. Re3 f5 15. exf5 Bxf5 16. Nxf5 Qxf5 17. Rf3 Qe6 18. Rxf8+ Rxf8 19. Nf3 Qf6 20. Qe2 e4 21. dxe4 Qxa1 22. Qd2 Qf6 23. c4 Bg5 24. Qd5+ Kh8 25. e5 dxe5 26. Bxg5 Nxg5 27. Kf1 e4 0-1

[Event "4NCL Online Division 7"]
[Site "online"]
[Date "2021.03.23"]
[EventDate "2021.03.23"]
[Round "5.71"]
[White "Wedge, David C"]
[WhiteElo "1896"]
[WhiteTeam "Hebden Bridge 2"]
[Black "Kosznik, Dariusz"]
[BlackElo "1853"]
[BlackTeam "Dundee City C"]
[Result "1-0"]
[PlyCount "95"]

1. e4 e6 2. d4 c5 3. Nf3 d5 4. exd5 exd5 5. Be2 Nc6 6. O-O Nf6 7. Bg5 h6 8. Bh4 Be6 9. c3 Qb6 10. b3 Ne4 11. dxc5 Bxc5 12. b4 Bd6 13. b5 Ne5 14. Qd4 Qc7 15. Rc1 Nxf3+ 16. Bxf3 Bxh2+ 17. Kh1 Be5 18. Qb4 Nc5 19. Rd1 g5 20. Bg3 Bxg3 21. fxg3 O-O-O 22. Nd2 Nd3 23. Qd4 Nc5 24. a4 h5 25. a5 Qe7 26. Re1 Qd6 27. Nf1 Nb3 28. Qxa7 Nxa1 29. Rxa1 Qb8 30. Qd4 h4 31. g4 h3 32. gxh3 Rxh3+ 33. Kg2 Rdh8 34. a6 Rh1 35. axb7+ Kd7 36. Bxd5 R8h2+ 37. Kf3 Bxd5+ 38. Qxd5+ Ke7 39. Qxg5+ f6 40. Qg7+ Ke6 41. Re1+ Kd5 42. Qd7+ Kc4 43. Qc8+ Kd3 44. Qxb8 Rh3+ 45. Kg2 Rh7 46. Qd6+ Kc2 47. Ne3+ Kb2 48. Rxh1 1-0

[Event "4NCL Online Division 7"]
[Site "online"]
[Date "2021.03.23"]
[EventDate "2021.03.23"]
[Round "5.72"]
[White "Robertson, John"]
[WhiteElo "1562"]
[WhiteTeam "Dundee City C"]
[Black "Blinkhorn, Joshua"]
[BlackElo "1555"]
[BlackTeam "Hebden Bridge 2"]
[Result "0-1"]
[PlyCount "74"]

1. d4 Nf6 2. Bf4 g6 3. Nd2 Bg7 4. e4 d6 5. c3 O-O 6. Bc4 c5 7. Ne2 a6 8. dxc5 dxc5 9. O-O b5 10. Bb3 Bb7 11. f3 Nbd7 12. Ng3 c4 13. Bc2 Qb6+ 14. Kh1 e5 15. Bg5 Rad8 16. Qe2 Nc5 17. Be3 Qd6 18. b3 cxb3 19. axb3 Nd3 20. b4 Rd7 21. Nb3 Qe6 22. Nc5 Nxc5 23. Bxc5 Rfd8 24. Be3 h5 25. Rf2 h4 26. Nf1 Nh5 27. Nd2 Qf6 28. Nb3 Ng3+ 29. Kg1 Nxe2+ 30. Rxe2 Kh7 31. Nc5 Bh6 32. Bxh6 Kxh6 33. Nxd7 Rxd7 34. Rf1 Qc6 35. f4 Qxc3 36. Bb1 Rd2 37. Ree1 Qb2 0-1

[Event "4NCL Online Division 7"]
[Site "online"]
[Date "2021.03.23"]
[EventDate "2021.03.23"]
[Round "5.73"]
[White "Marsden, Christopher"]
[WhiteElo "1612"]
[WhiteTeam "Hebden Bridge 2"]
[Black "Chalmers, Martin M"]
[BlackElo "1505"]
[BlackTeam "Dundee City C"]
[Result "0-1"]
[PlyCount "97"]

1. e4 e6 2. Nf3 d5 3. exd5 exd5 4. d4 Bg4 5. Be2 Nf6 6. O-O Bd6 7. Re1 O-O 8. Bg5 Nbd7 9. Nc3 c6 10. a3 Qc7 11. g3 Rfe8 12. Bxf6 Nxf6 13. Kg2 Rad8 14. Nh4 Bxe2 15. Rxe2 Rxe2 16. Qxe2 Qb6 17. Qd3 Re8 18. Nf5 Bf8 19. b4 a5 20. Na4 Qa7 21. c3 axb4 22. axb4 b5 23. Qc2 bxa4 24. Rxa4 Qd7 25. Ra1 Ne4 26. Ne3 Qe6 27. Ra7 Nxf2 28. Kxf2 Qxe3+ 29. Kg2 Qe2+ 30. Qxe2 Rxe2+ 31. Kh3 Re3 32. b5 cxb5 33. Rb7 Rxc3 34. Rxb5 Rd3 35. Rxd5 g6 36. Rd8 Kg7 37. d5 Be7 38. Rd7 Kf6 39. Kg4 h5+ 40. Kf4 Ba3 41. Ke4 Rd2 42. Ra7 Be7 43. Ra6+ Kg7 44. h4 Bb4 45. Ke5 Re2+ 46. Kd4 Rg2 47. Rb6 Bf8 48. Ke5 Rxg3 49. Rb4 0-1

[Event "4NCL Online Division 7"]
[Site "online"]
[Date "2021.03.23"]
[EventDate "2021.03.23"]
[Round "5.74"]
[White "Vijayakumar, Rishi"]
[WhiteElo "1002"]
[WhiteTeam "Dundee City C"]
[Black "Catlow, Robert"]
[BlackElo "1397"]
[BlackTeam "Hebden Bridge 2"]
[Result "1-0"]
[PlyCount "85"]

1. d4 Nf6 2. c4 g6 3. g3 Bg7 4. Bg2 c6 5. e4 d6 6. Nc3 Qc7 7. Nf3 O-O 8. O-O e5 9. d5 Nbd7 10. a3 a5 11. Nd2 Nc5 12. f4 Nd3 13. Qe2 Nxc1 14. Raxc1 Qb6+ 15. Kh1 Qxb2 16. Na4 Qd4 17. Nb3 Qa7 18. c5 Bg4 19. Qd2 Rad8 20. fxe5 dxe5 21. d6 Be6 22. Rb1 Ng4 23. Qc3 Bh6 24. Rf3 f5 25. h3 Nf6 26. Qxe5 Bd7 27. exf5 Bxf5 28. Rxf5 gxf5 29. Nd4 Rf7 30. Nxf5 Bf8 31. Nd4 Re8 32. Qg5+ Kh8 33. Rf1 Bg7 34. Nb6 Qb8 35. Nf5 Rg8 36. Qh4 Nd7 37. Ne7 Rxf1+ 38. Bxf1 Ne5 39. Bd3 h6 40. Nd7 Nxd7 41. Qe4 Nf6 42. Qh7+ Nxh7 43. Ng6# 1-0

[Event "4NCL Online Division 7"]
[Site "online"]
[Date "2021.03.23"]
[EventDate "2021.03.23"]
[Round "5.81"]
[White "Beryozkin, Sergey"]
[WhiteElo "2056"]
[WhiteTeam "Dun Laoghaire"]
[Black "Hayden, Luke"]
[BlackElo "1636"]
[BlackTeam "Wolfpack 2"]
[Result "1/2-1/2"]
[PlyCount "115"]

1. e4 c5 2. Nf3 Nc6 3. d4 cxd4 4. Nxd4 Nf6 5. Nc3 e5 6. Ndb5 d6 7. Bg5 a6 8. Na3 b5 9. Nd5 Be7 10. Bxf6 Bxf6 11. c3 O-O 12. Nc2 Bg5 13. a4 bxa4 14. Rxa4 a5 15. Bb5 Ne7 16. Nce3 Bxe3 17. Nxe3 Rb8 18. Qe2 d5 19. O-O Qb6 20. Bd3 dxe4 21. Bxe4 Ba6 22. Bd3 Bxd3 23. Qxd3 Qxb2 24. Rxa5 Rfd8 25. Qe4 Qxc3 26. Rxe5 Ng6 27. Rh5 Re8 28. Qf3 Ne5 29. Qh3 h6 30. Qg3 Rb6 31. Nf5 Qxg3 32. Nxg3 Rb2 33. Rh4 Rc8 34. Re4 Ng6 35. h4 Nf8 36. Nf5 Kh7 37. Re7 Kg6 38. Nd6 Rc6 39. Ne4 Re6 40. Rxe6+ Nxe6 41. g3 Kf5 42. Nd6+ Kf6 43. Kg2 g5 44. hxg5+ hxg5 45. Rh1 Kg6 46. Nc4 Rb5 47. Rd1 Rb4 48. Ne5+ Kf6 49. Nd7+ Kg6 50. Rd6 Rd4 51. Rxd4 Nxd4 52. f3 f5 53. Kf2 f4 54. gxf4 gxf4 55. Ne5+ Kf5 56. Ng4 Nxf3 57. Kxf3 Ke6 58. Kxf4 1/2-1/2

[Event "4NCL Online Division 7"]
[Site "online"]
[Date "2021.03.23"]
[EventDate "2021.03.23"]
[Round "5.82"]
[White "Smith, Mark"]
[WhiteElo "1607"]
[WhiteTeam "Wolfpack 2"]
[Black "Lane, John"]
[BlackElo "1850"]
[BlackTeam "Dun Laoghaire"]
[Result "0-1"]
[PlyCount "90"]

1. Nf3 Nf6 2. g3 g6 3. Bg2 Bg7 4. O-O O-O 5. d4 d6 6. c4 Nbd7 7. Nc3 e5 8. e4 c6 9. b4 Qc7 10. a4 Rd8 11. Be3 Nf8 12. Qb3 Bg4 13. Rfd1 Ne6 14. d5 Nd4 15. Bxd4 exd4 16. Ne2 Nxe4 17. Nexd4 c5 18. Nb5 Qd7 19. Ra2 a6 20. Re1 Re8 21. Rae2 axb5 22. Rxe4 Rxe4 23. Rxe4 bxa4 24. Qa2 Bxf3 25. Bxf3 cxb4 26. Bd1 b3 27. Bxb3 a3 28. Qe2 Bb2 29. Ba2 Kf8 30. Qe3 Re8 31. f3 Rxe4 32. fxe4 Qe7 33. Qf4 Qe5 34. Qg4 Qd4+ 35. Kg2 Qd2+ 36. Kh3 Be5 37. Qc8+ Kg7 38. Bb3 a2 39. Bxa2 Qxa2 40. Qc7 Qf2 41. c5 Qxc5 42. Qxb7 Qf2 43. Qb1 Qf3 44. Qe1 h5 45. Kh4 Qg4# 0-1

[Event "4NCL Online Division 7"]
[Site "online"]
[Date "2021.03.23"]
[EventDate "2021.03.23"]
[Round "5.83"]
[White "Lohan, Martin"]
[WhiteElo "1802"]
[WhiteTeam "Dun Laoghaire"]
[Black "Pratley, Ian"]
[BlackElo "1571"]
[BlackTeam "Wolfpack 2"]
[Result "1/2-1/2"]
[PlyCount "183"]

1. Nf3 e6 2. g3 Nf6 3. Bg2 Be7 4. O-O O-O 5. b3 d5 6. Bb2 c5 7. d3 Nc6 8. Nbd2 Nd7 9. e4 d4 10. c3 e5 11. cxd4 cxd4 12. a4 Rb8 13. Nc4 a6 14. a5 Bb4 15. Ba3 Qe7 16. Bxb4 Qxb4 17. Qc2 f6 18. Rfc1 Qe7 19. Nh4 g6 20. Qd2 Nc5 21. Rab1 Be6 22. b4 Nd7 23. b5 axb5 24. Rxb5 Na7 25. Rb2 Rfc8 26. Rcb1 Nc5 27. Nb6 Rc7 28. Rc1 Na6 29. Rxc7 Qxc7 30. Rc2 Nc6 31. Nd5 Qd8 32. Nb6 Ncb4 33. Rb2 Qe7 34. f4 Kg7 35. f5 Bf7 36. fxg6 hxg6 37. Bh3 Nc6 38. Rb1 Be6 39. Bxe6 Qxe6 40. Nd5 Ne7 41. Rb6 Nc6 42. Qb2 Qf7 43. Qb5 Nc7 44. Nxc7 Qxc7 45. Nf3 Na7 46. Qb2 Nc6 47. Qc2 Qd7 48. a6 Na7 49. Qb3 Nc6 50. Rxb7 Rxb7 51. Qxb7 Qxb7 52. axb7 Kf7 53. Nd2 Ke7 54. Nc4 Kd7 55. Kg2 Kc7 56. Kf3 Kxb7 57. Nd6+ Kc7 58. Ne8+ Kd7 59. Nxf6+ Ke6 60. Ng4 Ne7 61. Nf2 Kf6 62. Kg4 Nc6 63. h4 Nd8 64. h5 gxh5+ 65. Kxh5 Nf7 66. g4 Ng5 67. Kh4 Nf3+ 68. Kg3 Ne1 69. Kh4 Nf3+ 70. Kh3 Ne1 71. Kg3 Kg6 72. Kh4 Nf3+ 73. Kh3 Ne1 74. Kh2 Nf3+ 75. Kg2 Ne1+ 76. Kf1 Nc2 77. Ke2 Kg5 78. Kd2 Nb4 79. Kc1 Kf4 80. Kb2 Na6 81. Kb3 Nc7 82. Kc4 Ne6 83. Kd5 Ng5 84. Kd6 Nf7+ 85. Ke6 Ng5+ 86. Kf6 Nh7+ 87. Kg7 Ng5 88. Kg6 Nf3 89. Kf6 Ng5 90. Kg6 Nf3 91. Kf6 Ng5 92. Kg6 1/2-1/2

[Event "4NCL Online Division 7"]
[Site "online"]
[Date "2021.03.23"]
[EventDate "2021.03.23"]
[Round "5.84"]
[White "Braithwaite, Paul"]
[WhiteElo "1202"]
[WhiteTeam "Wolfpack 2"]
[Black "Jackson, Peter D."]
[BlackElo "1756"]
[BlackTeam "Dun Laoghaire"]
[Result "0-1"]
[PlyCount "62"]

1. e4 e5 2. Nf3 Nc6 3. Bb5 Nf6 4. Bxc6 dxc6 5. Nc3 Bc5 6. h3 O-O 7. O-O Qe7 8. d3 h6 9. Na4 Bd6 10. Nc3 Bc5 11. Na4 Bd6 12. Nc3 Bd7 13. Re1 c5 14. Nd5 Nxd5 15. exd5 c6 16. dxc6 Bxc6 17. Bf4 Qf6 18. Bxe5 Bxf3 19. Qxf3 Bxe5 20. Qxb7 Bxb2 21. Rab1 Bd4 22. Rf1 Rae8 23. Kh1 Re2 24. Qxa7 Rxf2 25. Rxf2 Qxf2 26. a4 Qxc2 27. Rb8 Qd1+ 28. Kh2 Be5+ 29. g3 Rxb8 30. Qxc5 Rb2+ 31. Qf2 Rxf2# 0-1

[Event "4NCL Online Division 7"]
[Site "online"]
[Date "2021.03.23"]
[EventDate "2021.03.23"]
[Round "5.91"]
[White "Kafetzopoulos, Anastasis"]
[WhiteElo "2071"]
[WhiteTeam "Londinium Centurions"]
[Black "Connell, Blair N"]
[BlackElo "2231"]
[BlackTeam "Battersea Cats"]
[Result "1-0"]
[PlyCount "89"]

1. d4 d5 2. c4 e5 3. dxe5 d4 4. Nf3 Nc6 5. g3 Bf5 6. Bg2 Qd7 7. O-O O-O-O 8. a3 Nge7 9. Nbd2 Ng6 10. Qb3 Bh3 11. e6 Bxe6 12. Ng5 Bf5 13. Bd5 Nge5 14. Ndf3 Nxf3+ 15. Qxf3 Ne5 16. Bxb7+ Kb8 17. Qb3 Bc2 18. Qxc2 Kxb7 19. Qe4+ Nc6 20. b4 Kb8 21. Nxf7 Re8 22. Qf3 Rg8 23. Bd2 Kc8 24. b5 Nb8 25. Ng5 Be7 26. Ne4 Qe6 27. Qd3 Nd7 28. Qxd4 Nb6 29. c5 Qd5 30. Qxd5 Nxd5 31. Rac1 Bd8 32. f3 Re5 33. Rfd1 h5 34. h4 Nf6 35. Bc3 Ree8 36. Nxf6 gxf6 37. Kf2 f5 38. f4 Re4 39. Rd4 Rge8 40. Rxe4 Rxe4 41. Be5 Kb7 42. Rc3 c6 43. Rd3 Ba5 44. Rd7+ Kc8 45. Rxa7 1-0

[Event "4NCL Online Division 7"]
[Site "online"]
[Date "2021.03.23"]
[EventDate "2021.03.23"]
[Round "5.92"]
[White "Emelianova, Maria"]
[WhiteElo "2113"]
[WhiteTeam "Battersea Cats"]
[Black "Voiculescu-Holvad, Stefan"]
[BlackElo "1779"]
[BlackTeam "Londinium Centurions"]
[Result "1-0"]
[PlyCount "45"]

1. d4 Nf6 2. Nf3 g6 3. Bf4 Bg7 4. e3 O-O 5. Be2 b6 6. h3 Bb7 7. O-O d6 8. c4 Nbd7 9. Nc3 Ne4 10. Qc2 Nxc3 11. bxc3 e5 12. Bg5 Qe8 13. Rfe1 f5 14. c5 dxc5 15. Rad1 Qf7 16. dxe5 Nxe5 17. Nxe5 Bxe5 18. Qa4 Qg7 19. Rd7 Rf7 20. Bc4 Rf8 21. Rxf7 Rxf7 22. Qe8+ Qf8 23. Bxf7+ 1-0

[Event "4NCL Online Division 7"]
[Site "online"]
[Date "2021.03.23"]
[EventDate "2021.03.23"]
[Round "5.93"]
[White "Mourant, Malcolm"]
[WhiteElo "1639"]
[WhiteTeam "Londinium Centurions"]
[Black "Valentine, Tim"]
[BlackElo "1794"]
[BlackTeam "Battersea Cats"]
[Result "0-1"]
[PlyCount "94"]

1. e4 c5 2. Nf3 e6 3. c4 Nc6 4. Nc3 Nf6 5. d4 cxd4 6. Nxd4 Bb4 7. Nxc6 bxc6 8. Bd2 O-O 9. Bd3 e5 10. O-O Rb8 11. a3 Be7 12. b4 a5 13. b5 Qc7 14. a4 Rd8 15. h3 d5 16. cxd5 cxd5 17. exd5 Nxd5 18. Rc1 Qd6 19. Ne4 Qb6 20. Rc6 Qa7 21. Bc4 Bb7 22. Bxd5 Rxd5 23. Rc2 Rbd8 24. Qc1 Qb6 25. Be3 Qg6 26. Ng3 f5 27. Bc5 Bg5 28. Qe1 f4 29. Qe4 fxg3 30. Qxg6 gxf2+ 31. Bxf2 hxg6 32. Rc7 R8d7 33. Rc5 Be7 34. Rc4 Bb4 35. Rg4 R5d6 36. Bg3 Re6 37. Be1 Bxe1 38. Rxe1 Rd2 39. Rc1 Kf7 40. Rc7+ Re7 41. Rxe7+ Kxe7 42. Rxg6 Kf7 43. Rg5 Kf6 44. h4 Rd4 45. g3 Rxa4 46. g4 Bc8 47. b6 Rb4 0-1

[Event "4NCL Online Division 7"]
[Site "online"]
[Date "2021.03.23"]
[EventDate "2021.03.23"]
[Round "5.94"]
[White "Rebbeck, Christopher"]
[WhiteElo "1451"]
[WhiteTeam "Battersea Cats"]
[Black "Vigus, David"]
[BlackElo "1510"]
[BlackTeam "Londinium Centurions"]
[Result "1/2-1/2"]
[PlyCount "66"]

1. e4 Nf6 2. Nf3 Nxe4 3. Bc4 e6 4. O-O d5 5. Bb3 Be7 6. d4 c5 7. c3 O-O 8. Nbd2 Nf6 9. Re1 Nc6 10. Nf1 b6 11. Ng3 Bb7 12. Bc2 h6 13. Ne5 cxd4 14. Nxc6 Bxc6 15. cxd4 Qc7 16. Qd3 Bd6 17. Nh5 Ne4 18. f3 Bxh2+ 19. Kf1 f5 20. Ke2 Qd7 21. a4 Ng3+ 22. Nxg3 Bxg3 23. Rh1 Qc7 24. Be3 Bf4 25. Rh3 Rf6 26. Rah1 Kf7 27. Rh4 Bxe3 28. Qxe3 Bb5+ 29. Kd2 Bd7 30. Qd3 Qg3 31. R1h2 Qf2+ 32. Kc1 Qg3 33. R4h3 Qd6 1/2-1/2

[Event "4NCL Online Division 7"]
[Site "online"]
[Date "2021.03.23"]
[EventDate "2021.03.23"]
[Round "5.101"]
[White "Hameed, Asif"]
[WhiteElo "1773"]
[WhiteTeam "Oxford 5"]
[Black "Matthews, Adrian M S"]
[BlackElo "1883"]
[BlackTeam "MK Phoenix 4"]
[Result "0-1"]
[PlyCount "70"]

1. e4 c5 2. Nf3 Nc6 3. d4 cxd4 4. Nxd4 Nf6 5. Nc3 e5 6. Nb3 Bb4 7. Bg5 h6 8. Bh4 Bxc3+ 9. bxc3 O-O 10. Bc4 d6 11. O-O a6 12. Bd5 Be6 13. c4 Bxd5 14. cxd5 Nb8 15. f3 Nbd7 16. Nd2 Nc5 17. Nb3 Rc8 18. Nxc5 Rxc5 19. Rb1 b5 20. Qd2 Nxe4 21. Qe1 Nf6 22. f4 Rxd5 23. fxe5 Rxe5 24. Qg3 Qb6+ 25. Kh1 Ne4 26. Qd3 Qc5 27. Rbe1 d5 28. Re3 Qc4 29. Qxc4 bxc4 30. Bg3 Re6 31. c3 Rfe8 32. h3 Rg6 33. Be1 Rge6 34. Ref3 f6 35. g4 Ng5 0-1

[Event "4NCL Online Division 7"]
[Site "online"]
[Date "2021.03.23"]
[EventDate "2021.03.23"]
[Round "5.102"]
[White "Ward, George"]
[WhiteElo "1736"]
[WhiteTeam "MK Phoenix 4"]
[Black "Hertog, Alexander"]
[BlackElo "1577"]
[BlackTeam "Oxford 5"]
[Result "0-1"]
[PlyCount "122"]

1. Nf3 d5 2. c4 c6 3. e3 Nf6 4. d4 Bf5 5. Be2 h6 6. Nbd2 e6 7. a3 a5 8. b3 Bd6 9. c5 Bc7 10. Bb2 O-O 11. b4 b6 12. O-O Nbd7 13. Qc1 b5 14. bxa5 Rxa5 15. Bc3 Ra7 16. h3 Re8 17. Bb4 e5 18. dxe5 Nxe5 19. Nd4 Bd7 20. N2f3 Nxf3+ 21. Bxf3 Ne4 22. Qc2 Qf6 23. a4 Rea8 24. a5 Ng5 25. Bc3 Be5 26. Bg4 Bxg4 27. hxg4 Ne4 28. f4 Bxd4 29. Bxd4 Qh4 30. Qe2 Ng3 31. Qf3 Nxf1 32. Rxf1 Rxa5 33. g5 Ra2 34. gxh6 Qxh6 35. Qg4 Rc2 36. f5 Raa2 37. f6 Rxg2+ 38. Qxg2 Rxg2+ 39. Kxg2 Qg5+ 40. Kh2 Qh4+ 41. Kg2 Qg4+ 42. Kf2 Qf5+ 43. Ke2 Qc2+ 44. Kf3 gxf6 45. Bxf6 Kf8 46. Bd4 Ke7 47. Rf2 Qe4+ 48. Ke2 b4 49. Kf1 Qh1+ 50. Ke2 b3 51. Kd3 Qc1 52. Rb2 Qc4+ 53. Kd2 f5 54. Ke1 f4 55. Kf2 Ke6 56. Kf3 Kf5 57. Rf2 Qd3 58. Kg2 Qe4+ 59. Kg1 f3 60. Kh2 Qh4+ 61. Kg1 Qg3+ 0-1

[Event "4NCL Online Division 7"]
[Site "online"]
[Date "2021.03.23"]
[EventDate "2021.03.23"]
[Round "5.103"]
[White "Bentham, Sam"]
[WhiteElo "1621"]
[WhiteTeam "Oxford 5"]
[Black "McCready, Mark"]
[BlackElo "1736"]
[BlackTeam "MK Phoenix 4"]
[Result "0-1"]
[PlyCount "60"]

1. c4 e6 2. Nf3 d5 3. e3 Nf6 4. Nc3 Nbd7 5. Be2 Bb4 6. O-O Bxc3 7. bxc3 dxc4 8. Bxc4 O-O 9. d4 b6 10. Re1 Bb7 11. Bd3 c5 12. e4 cxd4 13. cxd4 Rc8 14. Bg5 h6 15. Bh4 Qc7 16. Bg3 Qd8 17. Bc2 Re8 18. Qd3 Nf8 19. Ne5 N6d7 20. Rad1 Nxe5 21. Bxe5 Ng6 22. Bg3 Qd7 23. h4 Red8 24. h5 Nf8 25. e5 Qd5 26. f3 Qxa2 27. Bb3 Qb2 28. Re2 Qc3 29. Be1 Qxd3 30. Rxd3 Ba6 0-1

[Event "4NCL Online Division 7"]
[Site "online"]
[Date "2021.03.23"]
[EventDate "2021.03.23"]
[Round "5.104"]
[White "McKeon, John"]
[WhiteElo "1585"]
[WhiteTeam "MK Phoenix 4"]
[Black "Murawski, Jan"]
[BlackElo "1529"]
[BlackTeam "Oxford 5"]
[Result "0-1"]
[PlyCount "72"]

1. d4 Nf6 2. Bf4 c5 3. e3 Qb6 4. Nc3 cxd4 5. exd4 e6 6. Rb1 d5 7. Qd3 Nc6 8. Nf3 Bb4 9. Bd2 O-O 10. Be2 Na5 11. O-O Nc4 12. a3 Bxc3 13. Bxc3 Bd7 14. Bb4 Rfc8 15. b3 Nd6 16. Qd1 Nde4 17. h3 Nc3 18. Bxc3 Rxc3 19. a4 Rac8 20. Bd3 Qd6 21. Ne5 a6 22. Qe2 Be8 23. Rfc1 Qb8 24. Ng4 Nxg4 25. Qxg4 b5 26. Qh5 h6 27. Qe2 Qb6 28. Qg4 Qd6 29. Qe2 bxa4 30. Bxa6 Ra8 31. bxa4 Qxa6 32. Qd2 Qc4 33. a5 Ba4 34. Rb2 Rxa5 35. Rb8+ Kh7 36. Rb2 Ra8 0-1

[Event "4NCL Online Division 7"]
[Site "online"]
[Date "2021.03.23"]
[EventDate "2021.03.23"]
[Round "5.111"]
[White "Shepley, Julien M"]
[WhiteElo "1975"]
[WhiteTeam "Guildford Castles 2"]
[Black "Bingham, James T"]
[BlackElo "1740"]
[BlackTeam "Braunstone 2"]
[Result "1-0"]
[PlyCount "119"]

1. e4 c5 2. Nf3 e6 3. d4 cxd4 4. Nxd4 Nf6 5. Nc3 Bb4 6. e5 Nd5 7. Bd2 Nxc3 8. bxc3 Be7 9. Qg4 Kf8 10. f4 h5 11. Qf3 Nc6 12. Bd3 d5 13. O-O Bd7 14. Rab1 Nxd4 15. cxd4 Qc7 16. f5 f6 17. c4 Bc6 18. fxe6 dxc4 19. Be4 c3 20. Bg5 Kg8 21. exf6 gxf6 22. Bxc6 bxc6 23. Qf5 Rh7 24. Bxf6 Bxf6 25. Qxf6 Qd6 26. Rf5 Rg7 27. Rg5 Qf8 28. Qxf8+ Rxf8 29. Rxh5 c2 30. Rc1 Rb7 31. Rg5+ Kh7 32. Rc5 Rd8 33. R5xc2 Rxd4 34. Re2 Re7 35. Rxc6 Ra4 36. Rd6 Kg6 37. Rd7 Rxd7 38. exd7 Rd4 39. g3 Rxd7 40. Kg2 Kf5 41. h4 Rd3 42. Rf2+ Kg4 43. Rf4+ Kh5 44. Rf5+ Kg6 45. Rg5+ Kf6 46. a4 Ra3 47. a5 Ke6 48. h5 Kf6 49. Rg6+ Kf5 50. a6 Ra2+ 51. Kh3 Ra4 52. Rc6 Kg5 53. h6 Re4 54. h7 Re8 55. Rc7 Re6 56. h8=Q Rh6+ 57. Qxh6+ Kxh6 58. Rxa7 Kg5 59. Rb7 Kf5 60. a7 1-0

[Event "4NCL Online Division 7"]
[Site "online"]
[Date "2021.03.23"]
[EventDate "2021.03.23"]
[Round "5.112"]
[White "Abubakar, Abdi"]
[WhiteElo "1759"]
[WhiteTeam "Braunstone 2"]
[Black "Rapacci, Pascoe"]
[BlackElo "1760"]
[BlackTeam "Guildford Castles 2"]
[Result "1/2-1/2"]
[PlyCount "99"]

1. d4 Nf6 2. c4 c5 3. Nf3 cxd4 4. Nxd4 Nc6 5. e3 g6 6. Nc3 Bg7 7. Be2 O-O 8. O-O d5 9. cxd5 Nxd5 10. Nxc6 bxc6 11. Nxd5 cxd5 12. Qb3 e6 13. Bd2 a5 14. Bc3 Bxc3 15. Qxc3 Qb6 16. a3 Ba6 17. Bxa6 Qxa6 18. b4 Rfc8 19. Qb2 Qb5 20. Rfc1 axb4 21. Rxc8+ Rxc8 22. Qxb4 Qxb4 23. axb4 Rb8 24. Rb1 Rb5 25. g4 Kg7 26. Kg2 Kf6 27. Kg3 Ke5 28. f3 f5 29. gxf5 exf5 30. h4 d4 31. exd4+ Kxd4 32. Rd1+ Ke3 33. Re1+ Kd3 34. Re7 Rxb4 35. Rxh7 Rb6 36. Re7 Rb1 37. Kf4 Rh1 38. Rh7 Ke2 39. Rh6 Rg1 40. Rh8 Kf2 41. Ra8 Ke2 42. Ra2+ Kd3 43. Rh2 Ra1 44. Rg2 Ra4+ 45. Kg5 Ke3 46. Kxg6 Kxf3 47. Rg5 Rxh4 48. Kxf5 Ra4 49. Rg8 Ra5+ 50. Ke6 1/2-1/2

[Event "4NCL Online Division 7"]
[Site "online"]
[Date "2021.03.23"]
[EventDate "2021.03.23"]
[Round "5.113"]
[White "Driver, Nicholas P"]
[WhiteElo "1750"]
[WhiteTeam "Guildford Castles 2"]
[Black "Mehta, Sophie"]
[BlackElo "1360"]
[BlackTeam "Braunstone 2"]
[Result "1-0"]
[PlyCount "29"]

1. e4 e5 2. Nf3 Nc6 3. Bc4 Bc5 4. c3 Qf6 5. O-O d6 6. b4 Bb6 7. a4 a6 8. d3 Bg4 9. Nbd2 Nge7 10. h3 Bh5 11. g4 Bg6 12. g5 Qf4 13. Nb3 Qxf3 14. Qxf3 O-O 15. h4 1-0

[Event "4NCL Online Division 7"]
[Site "online"]
[Date "2021.03.23"]
[EventDate "2021.03.23"]
[Round "5.114"]
[White "Mehta, Hatle"]
[WhiteElo "1188"]
[WhiteTeam "Braunstone 2"]
[Black "Jones, H Trevor"]
[BlackElo "1814"]
[BlackTeam "Guildford Castles 2"]
[Result "1/2-1/2"]
[PlyCount "118"]

1. d4 Nf6 2. Bf4 e6 3. e3 d5 4. Nf3 c5 5. Nbd2 Nc6 6. c3 c4 7. Be2 Bd6 8. Bg3 O-O 9. Qc2 b5 10. b3 a6 11. Bh4 cxb3 12. axb3 Bd7 13. Ng5 h6 14. Nh7 Re8 15. Nxf6+ gxf6 16. Bh5 Rf8 17. e4 dxe4 18. Nxe4 Be7 19. Qe2 f5 20. Bxe7 Qxe7 21. Nc5 Bc8 22. g4 Kh7 23. gxf5 exf5 24. Qxe7 Nxe7 25. O-O-O Nd5 26. c4 bxc4 27. bxc4 Nb6 28. Be2 Nd7 29. Nxd7 Bxd7 30. c5 Rfc8 31. Bc4 Be6 32. Bxe6 fxe6 33. Rhe1 Rc6 34. Kc2 Re8 35. f4 Kg7 36. Re5 Kf6 37. Kb3 Rb8+ 38. Kc4 a5 39. Kc3 Rb5 40. Ra1 Rc8 41. Re3 Rc7 42. Rh3 Kg6 43. Rg3+ Kh7 44. Re3 Re7 45. Rae1 Reb7 46. Ra1 Rb3+ 47. Kd2 Rb2+ 48. Kc1 Rxh2 49. Rxa5 Rhb2 50. Ra1 Rf2 51. Ra5 Rxf4 52. Ra4 Rf1+ 53. Kd2 Rbb1 54. Ra7+ Kg8 55. Rg3+ Kf8 56. Ra8+ Kf7 57. Ra7+ Kf8 58. Ra8+ Kf7 59. Ra7+ Kf8 1/2-1/2